Isle of Flightless Birds - Twenty One Pilots Lyrics - Statistics

General Stats
  • This quiz has been taken 28 times
  • The average score is 218 of 318
Answer Stats
Lyrics % Correct
Chorus I
100%
Verse 1 Now
100%
climax
93%
I
93%
I
93%
I
93%
is
93%
my
93%
no
93%
no
93%
the
93%
the
93%
to
93%
we
93%
we
93%
We
93%
you
93%
Verse 2 All
87%
am
87%
an
87%
and
87%
And
87%
And
87%
and
87%
as
87%
as
87%
birds
87%
birth
87%
can
87%
cold,
87%
flightless
87%
ground
87%
hear?
87%
is
87%
isle
87%
of
87%
our
87%
our
87%
sing
87%
sing
87%
story
87%
stuff
87%
That
87%
the
87%
the
87%
them
87%
to
87%
we
87%
We
87%
will
87%
worth
87%
and
80%
angels
80%
are
80%
are
80%
around
80%
demons
80%
emotions
80%
fear
80%
find
80%
fly
80%
fly
80%
gives
80%
giving
80%
hope,
80%
Chorus I
80%
I
80%
I
80%
Bridge I
80%
I
80%
I
80%
I
80%
in
80%
just
80%
my
80%
my
80%
no
80%
no
80%
no
80%
no
80%
now
80%
our
80%
please
80%
Plummet
80%
Plummet
80%
purpose
80%
taunts
80%
They
80%
walking
80%
We're
80%
while
80%
wings
80%
with
80%
you
80%
you
80%
you
80%
you
80%
against
73%
am
73%
am
73%
And
73%
and
73%
And
73%
And
73%
and
73%
as
73%
as
73%
as
73%
as
73%
can
73%
can
73%
cold,
73%
cold,
73%
ever
73%
ground
73%
ground
73%
hear?
73%
hear?
73%
homes
73%
I
73%
I
73%
(I
73%
If
73%
is
73%
lining
73%
More
73%
of
73%
right
73%
roads
73%
sing
73%
sing
73%
sing
73%
so
73%
suicidal
73%
than
73%
the
73%
the
73%
the
73%
to
73%
to
73%
we
73%
we
73%
We
73%
we
73%
we
73%
we're
73%
will
73%
will
73%
winding
73%
you
73%
you
73%
you
73%
you,
73%
you,
73%
about
67%
and
67%
And
67%
And
67%
And
67%
And
67%
And
67%
And
67%
and
67%
And
67%
And
67%
as
67%
as
67%
as
67%
Believe
67%
by
67%
can
67%
cares
67%
decide
67%
fear
67%
fear
67%
fly
67%
fly
67%
He
67%
honestly,
67%
hope,
67%
hope,
67%
if
67%
is
67%
is
67%
is
67%
is
67%
is
67%
live
67%
nobody
67%
of
67%
our
67%
pick
67%
Plummet
67%
Plummet
67%
Plummet
67%
Plummet
67%
probably
67%
Remind
67%
so
67%
songs
67%
taunts
67%
taunts
67%
that
67%
the
67%
the
67%
the
67%
the
67%
things
67%
think
67%
think's
67%
to
67%
us
67%
were
67%
we're
67%
What
67%
what's
67%
will
67%
will
67%
will
67%
will
67%
will
67%
wings
67%
wings
67%
with
67%
with
67%
wrong
67%
about
60%
be
60%
believe
60%
by
60%
cry
60%
cry
60%
decide
60%
fly
60%
going
60%
head
60%
in
60%
in
60%
mold
60%
pick
60%
please
60%
please
60%
please
60%
think
60%
tough
60%
us
60%
what
60%
what
60%
While
60%
you'll
60%
you'll
60%
Your
60%
your
60%
your
60%
Your
60%
your
60%
your
60%
begin
53%
But
53%
every
53%
frustrating
53%
heart
53%
Verse 3 How
53%
it's
53%
morning
53%
sleep,
53%
sleeping
53%
time,
53%
time
53%
time
53%
up
53%
wake
53%
wish
53%
apart
47%
comfortability
47%
creep
47%
degrading
47%
fading
47%
free
47%
light
47%
light
47%
oh,
47%
patiently
47%
repeat
47%
routine
47%
same
47%
set
47%
take
47%
very
47%
waiting,
47%
wasting
47%
why
47%
afraid
40%
battle
40%
both
40%
can't
40%
don't
40%
evening
40%
evil,
40%
good
40%
His
40%
knows
40%
knows
40%
mine
40%
mine
40%
promise
40%
promise
40%
sides
40%
sky
40%
soul
40%
soul
40%
soul
40%
this
40%
this
40%
weeping
40%
really
33%
thinking
33%
uh,
20%
No matching quizzes found
Score Distribution
Percent of People with Each Score
Percentile by Number Answered
Your Score History
You have not taken this quiz